ARRUPE JESUIT UNIVERSITY

CORONAVIRUS -STOP THE SPREAD - CLEAN,DISINFECT,COVER

Oscar Romero : (Record no. 128449)

MARC details
000 -LEADER
fixed length control field 01213cam a2200349 i 4500
001 - CONTROL NUMBER
control field 19417171
003 - CONTROL NUMBER IDENTIFIER
control field ARRUPE
005 - DATE AND TIME OF LATEST TRANSACTION
control field 20181030095014.0
008 - FIXED-LENGTH DATA ELEMENTS--GENERAL INFORMATION
fixed length control field 161014s2016 fr 000 0bfre
010 ## - LIBRARY OF CONGRESS CONTROL NUMBER
LC control number 2016519161
020 ## - INTERNATIONAL STANDARD BOOK NUMBER
International Standard Book Number 9782918975694
035 ## - SYSTEM CONTROL NUMBER
System control number (NL-AmEBA)NTS239980
040 ## - CATALOGING SOURCE
Original cataloging agency DLC
Language of cataloging eng
Transcribing agency DLC
Description conventions rda
042 ## - AUTHENTICATION CODE
Authentication code pcc
043 ## - GEOGRAPHIC AREA CODE
Geographic area code nces---
050 00 - LIBRARY OF CONGRESS CALL NUMBER
Classification number BX4705.R669
Item number M217 2001
300 ## - PHYSICAL DESCRIPTION
Dimensions 19 cm.
100 1# - MAIN ENTRY--PERSONAL NAME
Personal name Maier, Martin.
9 (RLIN) 43148
245 10 - TITLE STATEMENT
Title Oscar Romero :
Remainder of title meister der spiritualitat /
Statement of responsibility, etc Martin Maier, s.j.
260 ## - PUBLICATION, DISTRIBUTION, ETC. (IMPRINT)
Place of publication, distribution, etc Basel
Name of publisher, distributor, etc Herder
Date of publication, distribution, etc 2001
300 ## - PHYSICAL DESCRIPTION
Extent 191 p. ;
600 10 - SUBJECT ADDED ENTRY--PERSONAL NAME
Personal name Romero, Óscar A.
Fuller form of name (Óscar Arnulfo),
Dates associated with a name 1917-1980.
9 (RLIN) 4771
610 20 - SUBJECT ADDED ENTRY--CORPORATE NAME
Corporate name or jurisdiction name as entry element Catholic Church
Geographic subdivision El Salvador
General subdivision Bishops
Form subdivision Biography.
9 (RLIN) 43149
906 ## - LOCAL DATA ELEMENT F, LDF (RLIN)
a 7
b cbc
c origres
d 3
e ncip
f 20
g y-gencatlg
942 ## - ADDED ENTRY ELEMENTS (KOHA)
Source of classification or shelving scheme Library of Congress Classification
Koha item type Monograph ( Printed materials)
Holdings
Withdrawn status Lost status Source of classification or shelving scheme Damaged status Not for loan Collection code Home library Current library Shelving location Date acquired Total Checkouts Full call number Barcode Date last seen Price effective from Koha item type
    Library of Congress Classification     Main Collection ARRUPE LIBRARY ARRUPE LIBRARY Main Collection 30/10/2018   BX4705.R669 M217 2001 46600003038 30/10/2018 30/10/2018 Monograph ( Printed materials)

 

Arrupe Library. PO Box MP320 Mt Pleasant, Harare, Zimbabwe
263 242 745411|librarian@aju.ac.zw